Statistiken für Bundesliga - Oberliga

Klicken Sie hier um das Quiz zu spielen!

Allgemein

  • Dieses Quiz wurde 114 mal gespielt
  • Das Durchschnittsergebnis liegt bei 31 aus 433

Antwortstatistiken

LigaPlatzierungVereine% Korrekt
Bundesliga1FC Bayern München
90%
Bundesliga2Borussia Dortmund
83%
Bundesliga3Bayer 04 Leverkusen
50%
Bundesliga71. FC Köln
48%
Bundesliga10Borussia Mönchengladbach
46%
Bundesliga11Eintracht Frankfurt
46%
Bundesliga6SC Freiburg
46%
2. Bundesliga1FC Schalke 04
45%
2. Bundesliga3Hamburger SV
45%
Bundesliga16Hertha BSC
43%
Bundesliga15VfB Stuttgart
41%
Bundesliga13VfL Bochum
41%
Bundesliga51. FC Union Berlin
39%
2. Bundesliga2
SV Werder Bremen
38%
Bundesliga14FC Augsburg
37%
2. Bundesliga5FC St. Pauli
37%
Bundesliga12VfL Wolfsburg
37%
Bundesliga17Arminia Bielefeld
35%
Bundesliga18SpVgg Greuther Fürth
34%
Bundesliga81. FSV Mainz 05
32%
Bundesliga9TSG 1899 Hoffenheim
32%
2. Bundesliga81. FC Nürnberg
30%
2. Bundesliga4SV Darmstadt 98
29%
3. Liga31. FC Kaiserslautern
28%
2. Bundesliga13FC Hansa Rostock
28%
2. Bundesliga11Hannover 96
28%
2. Bundesliga14SV Sandhausen
27%
3. Liga11. FC Magdeburg
26%
2. Bundesliga17FC Erzgebirge Aue
26%
2. Bundesliga16SG Dynamo Dresden
26%
3. Liga4TSV 1860 München
26%
3. Liga5SV Waldhof Mannheim
24%
2. Bundesliga10Fortuna Düsseldorf
23%
3. Liga15MSV Duisburg
23%
3. Liga6VfL Osnabrück
23%
3. Liga71. FC Saarbrücken
22%
3. Liga2Eintracht Braunschweig
22%
2. Bundesliga9Holstein Kiel
22%
2. Bundesliga15SSV Jahn Regensburg
22%
Regionalliga West1Rot-Weiss Essen
20%
Regionalliga Nordost5Chemnitzer FC
18%
Regionalliga Nordost2FC Carl Zeiss Jena
18%
2. Bundesliga18FC Ingolstadt 04
18%
3. Liga10FSV Zwickau
18%
3. Liga16SC Verl
18%
3. Liga12SV Meppen
18%
3. Liga20Türkgücü München
18%
Oberliga Bremen1Bremer SV
17%
Regionalliga Südwest15FSV Frankfurt
17%
3. Liga14Hallescher FC
17%
2. Bundesliga12Karlsruher SC
17%
2. Bundesliga7SC Paderborn 07
17%
3. Liga8SV Wehen Wiesbaden
17%
Regionalliga Bayern4SpVgg Unterhaching
16%
3. Liga19TSV Havelse
16%
Regionalliga Nord Gruppe Nord5VfB Lübeck
16%
2. Bundesliga61. FC Heidenheim 1846
15%
3. Liga9Borussia Dortmund II
15%
Regionalliga Bayern2FC Bayern München II
15%
Regionalliga Nordost3FC Energie Cottbus
15%
NOFV-Oberliga Süd1FC Rot-Weiß Erfurt
15%
Regionalliga Nord Gruppe Nord7FC St. Pauli II
15%
3. Liga13FC Viktoria Köln
15%
Regionalliga Nord Gruppe Nord4Hamburger SV II
15%
Regionalliga Südwest7KSV Hessen Kassel
15%
3. Liga11SC Freiburg II
15%
Regionalliga West2SC Preußen Münster
15%
3. Liga18FC Würzburger Kickers
13%
Regionalliga Südwest3Kickers Offenbach
13%
Regionalliga West4Rot-Weiß Oberhausen
13%
Oberliga Bremen15SV Werder Bremen II
13%
Regionalliga Nord Gruppe Süd2SV Werder Bremen II
13%
Regionalliga Nordost10Tennis Borussia Berlin
13%
Regionalliga Nord Gruppe Süd1VfB Oldenburg
13%
Regionalliga West3Wuppertaler SV
13%
Regionalliga Bayern51. FC Schweinfurt
12%
Regionalliga Nordost1BFC Dynamo
12%
Regionalliga West16Bonner SC
12%
Regionalliga West19KFC Uerdingen
12%
Oberliga Westfalen3SG Wattenscheid 09
12%
Oberliga Niedersachsen Weser-Ems / Lüneburg5VfL Oldenburg
12%
Regionalliga Südwest12VfR Aalen
12%
Regionalliga Nord Gruppe Süd4Atlas Delmenhorst
11%
Regionalliga Bayern9FC Augsburg II
11%
Regionalliga Südwest19FC Gießen
11%
Regionalliga Nord Gruppe Nord1Holstein Kiel II
11%
Oberliga Rheinland-Pfalz/Saar Gruppe Nord1SV Eintracht Trier
11%
Regionalliga West12TSV Alemannia Aachen
11%
Oberliga Rheinland-Pfalz/Saar Gruppe Nord6TuS Koblenz
11%
Regionalliga Nordost61. FC Lokomotive Leipzig
10%
Regionalliga Bayern111. FC Nürnberg II
10%
Oberliga Westfalen5FC Gütersloh
10%
Regionalliga Nord Gruppe Süd5Hannover 96 II
10%
Regionalliga West5SC Fortuna Köln
10%
Regionalliga Bayern1SpVgg Bayreuth
10%
Regionalliga Südwest4TSV Steinbach Haiger
10%
Regionalliga Südwest51. FSV Mainz 05 II
9%
Regionalliga Nord Gruppe Nord11Altona 93
9%
Regionalliga Südwest9Bahlinger SC
9%
Oberliga Hessen Gruppe A8FC Bayern Alzenau
9%
Regionalliga Nord Gruppe Süd10FC Oberneuland
9%
Oberliga Hessen Gruppe A7KSV Baunatal
9%
Regionalliga Südwest16SG Sonnenhof Großaspach
9%
Oberliga Westfalen9Sportfreunde Siegen
9%
Regionalliga Nord Gruppe Süd6SSV Jeddeloh
9%
Regionalliga West15SV Straelen
9%
Oberliga Baden-Württemberg2SV Stuttgarter Kickers
9%
Regionalliga Südwest17TSV Schott Mainz
9%
Regionalliga Südwest11VfB Stuttgart II
9%
Regionalliga Nord Gruppe Nord91. FC Phönix Lübeck
7%
Oberliga Hessen Gruppe A2Eintracht Stadtallendorf
7%
Regionalliga Südwest6FC 08 Homburg
7%
Regionalliga Südwest10FC-Astoria Walldorf
7%
3. Liga17FC Viktoria 1889 Berlin
7%
Oberliga Baden-Württemberg9FV Ravensburg
7%
Regionalliga Nordost8Hertha BSC II
7%
Bundesliga4RB Leibzig
7%
Regionalliga West10Rot Weiss Ahlen
7%
Regionalliga Bayern17SpVgg Greuther Fürth II
7%
Regionalliga Südwest2SSV Ulm 1846 Fußball
7%
Regionalliga Bayern8SV Viktoria Aschaffenburg
7%
NOFV-Oberliga Süd2VFC Plauen
7%
Regionalliga Nordost4VSG Altglienicke
7%
Regionalliga Nordost14ZFC Meuselwitz
7%
Oberliga Westfalen21. FC Kaan-Marienborn
6%
Regionalliga Bayern18FC Memmingen
6%
Oberliga Baden-Württemberg7FC Nöttingen
6%
NOFV-Oberliga Süd4FSV Budissa Bautzen
6%
Regionalliga Bayern7FV Illertissen
6%
Regionalliga Nord Gruppe Nord2SC Weiche Flensburg 08
6%
Regionalliga West8SC Wiedenbrück
6%
Oberliga Hessen Gruppe A1SG Barockstadt Fulda-Lehnerz
6%
Regionalliga West6SV Rödinghausen
6%
NOFV-Oberliga Nord6TSG Neustrelitz
6%
Oberliga Hessen Gruppe B9Türk Gücü Friedberg
6%
Oberliga Niederrhein21. FC Bocholt
5%
Oberliga Mittelrhein11. FC Düren
5%
Regionalliga Nord Gruppe Süd7BSV Rehden
5%
Regionalliga Nord Gruppe Nord8Eintracht Norderstedt
5%
NOFV-Oberliga Nord11FC Hansa Rostock II
5%
Oberliga Bayern Süd3FC Ingolstadt 04 II
5%
Oberliga Niederrhein14FC Kray
5%
Regionalliga Nordost18FSV Optik Rathenow
5%
Oberliga Niedersachsen Hannover / Braunschweig4FT Braunschweig
5%
NOFV-Oberliga Nord2Greifswalder FC
5%
Regionalliga Nord Gruppe Süd9HSC Hannover
5%
Oberliga Hessen Gruppe A9Hünfelder SV
5%
Regionalliga Nord Gruppe Süd8Lüneburger SK Hansa
5%
Oberliga Niedersachsen Weser-Ems / Lüneburg9MTV Eintracht Celle
5%
Oberliga Niedersachsen Hannover / Braunschweig6MTV Wolfenbüttel
5%
Oberliga Hessen Gruppe B1SC Hessen Dreieich
5%
Oberliga Bayern Nord2SpVgg Ansbach
5%
Regionalliga Südwest1SV 07 Elversberg
5%
Oberliga Niedersachsen Hannover / Braunschweig5SV Arminia
5%
Regionalliga Nord Gruppe Nord6SV Drochtersen/Assel
5%
Regionalliga West14SV Lippstadt 08
5%
Regionalliga Nordost20SV Tasmania Berlin
5%
Oberliga Bayern Süd7TSV 1860 München II
5%
Regionalliga Bayern20TSV 1860 Rosenheim
5%
Regionalliga Nordost19VfB Auerbach
5%
NOFV-Oberliga Süd6VfL Halle 96
5%
Regionalliga West18VfL Sportfreunde Lotte
5%
Oberliga Bayern Süd11VfR Garching
5%
Oberliga Niedersachsen Hannover / Braunschweig11.FC Germania Egestorf-Langreder
4%
Regionalliga West71. FC Köln U23
4%
NOFV-Oberliga Nord191. FC Lok Stendal
4%
Regionalliga Nordost7Berliner Athletik Klub 07
4%
Oberliga Bremen14Blumenthaler SV
4%
Regionalliga West13Borussia Mönchengladbach U23
4%
Regionalliga Nordost9BSG Chemie Leibzig
4%
Oberliga Niedersachsen Weser-Ems / Lüneburg2BSV Kickers Emden
4%
Oberliga Bayern Nord1DJK Vilzing
4%
Oberliga Hessen Gruppe B2FC Eddersheim
4%
Oberliga Niedersachsen Hannover / Braunschweig10FC Eintracht Northeim
4%
Oberliga Bayern Süd6FC Ismaning
4%
Regionalliga West9FC Schalke 04 U23
4%
Regionalliga West17FC Wegberg-Beeck
4%
Oberliga Rheinland-Pfalz/Saar Gruppe Nord10FSV Salmrohr
4%
Oberliga Niedersachsen Hannover / Braunschweig7MTV Gifhorn
4%
Oberliga Bremen3OSC Bremerhaven
4%
Oberliga Niedersachsen Weser-Ems / Lüneburg7Rotenburger SV
4%
Oberliga Westfalen21SC Westfalia Herne
4%
Oberliga Bayern Nord12SpVgg Bayern Hof
4%
Regionalliga Nordost11SV Babelsberg 09
4%
Oberliga Mittelrhein2SV Bergisch Gladbach
4%
Oberliga Schleswig-Holstein Süd2SV Eichede
4%
Oberliga Niedersachsen Hannover / Braunschweig8SVG Göttingen
4%
Regionalliga Nordost13SV Lichtenberg 47
4%
Oberliga Hessen Gruppe A5SV Neuhof
4%
Oberliga Hessen Gruppe A11SV Steinbach
4%
Oberliga Schleswig-Holstein Süd1SV Todesfelde
4%
Oberliga Baden-Württemberg3TSG Backnang
4%
Regionalliga Bayern12TSV Buchbach
4%
Oberliga Niedersachsen Weser-Ems / Lüneburg1TuS BW Lohne
4%
Oberliga Westfalen16TuS Ennepetal
4%
Oberliga Westfalen19TuS Haltern
4%
Oberliga Bremen12TuS Komet Arsten
4%
Oberliga Niedersachsen Hannover / Braunschweig3U.S.I. Lupo-Martini Wolfsburg
4%
Regionalliga West20VFB Homberg
4%
Oberliga Rheinland-Pfalz/Saar Gruppe Süd1VfR Wormatia Worms
4%
Oberliga Bayern Nord14Würzburger FV
4%
Oberliga Baden-Württemberg61.CfR Pforzheim
2%
Oberliga Niederrhein231. FC Mönchengladbach
2%
Oberliga Niederrhein81.FC Monheim
2%
Oberliga Baden-Württemberg51. Göppinger SV
2%
Oberliga Bayern Nord101. SC Feucht
2%
Oberliga Bayern Nord13ASV Cham
2%
Oberliga Bayern Nord3ATSV Erlangen
2%
NOFV-Oberliga Süd11Bischofswerdaer FV 08
2%
Oberliga Bremen2Brinkumer SV
2%
Oberliga Niederrhein19Cronenberger SC
2%
Oberliga Bayern Nord6DJK Don Bosco Bamberg
2%
Oberliga Schleswig-Holstein Süd9Eutin 08
2%
Oberliga Baden-Württemberg4FC 08 Villingen
2%
Oberliga Bayern Süd10FC Deisenhofen
2%
Regionalliga Nordost16FC Eilenburg
2%
NOFV-Oberliga Süd7FC Einheit Wernigerode
2%
Oberliga Niedersachsen Weser-Ems / Lüneburg8FC Hagen/​Uthlede
2%
NOFV-Oberliga Süd15FC International Leipzig
2%
NOFV-Oberliga Süd9FC Oberlausitz Neugersdorf
2%
Regionalliga Bayern13FC Pipinsried
2%
Oberliga Baden-Württemberg16Freiburger FC
2%
Oberliga Hessen Gruppe A4FSV Fernwald
2%
NOFV-Oberliga Süd16FSV Wacker Nordhausen
2%
Oberliga Baden-Württemberg20FV Lörrach-Brombach
2%
Oberliga Hamburg Gruppe 27Hamburger SV III
2%
Oberliga Westfalen15Hammer SpVg
2%
Oberliga Niedersachsen Weser-Ems / Lüneburg4Heeslinger SC
2%
Regionalliga Nord Gruppe Nord10Heider SV
2%
Oberliga Bremen11Leher TS
2%
Oberliga Schleswig-Holstein Süd3Oldenburger SV
2%
Oberliga Niederrhein6Ratingen 04/​19
2%
NOFV-Oberliga Nord5Rostocker FC
2%
Oberliga Westfalen18RSV Meinerzhagen
2%
Regionalliga Bayern16SC Eltersdorf
2%
Oberliga Niedersachsen Weser-Ems / Lüneburg3SC Spelle-Venhaus
2%
NOFV-Oberliga Nord7SC Staaken
2%
Oberliga Niederrhein21SC Velbert
2%
Oberliga Hessen Gruppe B3SC Waldgirmes
2%
Oberliga Bremen10SFL Bremerhaven
2%
Oberliga Bremen13SG Aumund-Vegesack
2%
Oberliga Baden-Württemberg1SGV Freiberg Fußball
2%
Oberliga Niederrhein4Sportfreunde Baumberg
2%
Oberliga Niederrhein1SSVg Velbert
2%
Oberliga Rheinland-Pfalz/Saar Gruppe Nord3SV Gonsenheim
2%
Oberliga Bayern Süd5SV Kirchanschöring
2%
Oberliga Baden-Württemberg13SV Oberachern
2%
Oberliga Niedersachsen Hannover / Braunschweig2SV Ramlingen-Ehlershausen
2%
Oberliga Hessen Gruppe B4SV Rot-Weiss Hadamar
2%
Regionalliga Bayern19SV Schalding-Heining
2%
Oberliga Bayern Nord17SV Seligenporten
2%
Oberliga Niedersachsen Weser-Ems / Lüneburg10TB Uphusen
2%
NOFV-Oberliga Nord8Torgelower FC Greif
2%
Regionalliga Südwest13TSG Hoffenheim II
2%
Oberliga Rheinland-Pfalz/Saar Gruppe Süd7TSG Pfeddersheim
2%
Oberliga Bayern Süd9TSV 1882 Landsberg
2%
Regionalliga Bayern6TSV Aubstadt
2%
Oberliga Bayern Nord11TSV Großbardorf
2%
Oberliga Bayern Süd8TSV Schwaben Augsburg
2%
Oberliga Niedersachsen Weser-Ems / Lüneburg6TUS Bersenbrück
2%
Oberliga Westfalen10TuS Erndtebrück
2%
Oberliga Niederrhein7TVD Velbert
2%
Regionalliga Bayern10VfB Eichstätt
2%
Regionalliga Nordost15VfB Germania Halberstadt
2%
Oberliga Hessen Gruppe B11VFB Ginsheim
2%
Oberliga Mittelrhein13VfL Alfter
2%
Regionalliga Nord Gruppe Süd3VfV 06 Hildesheim
2%
Oberliga Mittelrhein9Viktoria Arnoldsweiler
2%
Oberliga Hessen Gruppe A31. FC 1906 Erlensee
1%
Oberliga Baden-Württemberg181.FC Bruchsal 1899 e.V.
1%
Oberliga Rheinland-Pfalz/Saar Gruppe Nord71. FC Kaiserslautern U21
1%
Oberliga Niederrhein51. FC Kleve 63/​03
1%
NOFV-Oberliga Süd191. FC Merseburg zg.
1%
Oberliga Baden-Württemberg111. FC Rielasingen-Arlen
1%
Oberliga Bayern Nord181. FC Sand
1%
Oberliga Hessen Gruppe A61. Hanauer FC
1%
Oberliga Westfalen6ASC 09 Dortmund
1%
Oberliga Bayern Nord5ASV Neumarkt
1%
Oberliga Mittelrhein12BCV Glesch-Paffendorf
1%
Oberliga Rheinland-Pfalz/Saar Gruppe Nord11BFV Hassia Bingen
1%
Oberliga Mittelrhein5Borussia Freialdenhoven
1%
Oberliga Hamburg Gruppe 19Bramfeld 1.
1%
NOFV-Oberliga Nord16Brandenburger SC Süd 05
1%
Oberliga Bremen16BSC Hastedt
1%
NOFV-Oberliga Nord9BSV Eintracht Mahlsdorf
1%
Oberliga Bremen4BTS Neustadt
1%
Oberliga Hamburg Gruppe 17BU 1.
1%
Oberliga Hamburg Gruppe 24Buchholz 1.
1%
Oberliga Mittelrhein6BW Friesdorf
1%
Oberliga Niedersachsen Hannover / Braunschweig9BW Tündern
1%
NOFV-Oberliga Nord3CFC Hertha 06
1%
Oberliga Hamburg Gruppe 13Concordia 1.
1%
Oberliga Hamburg Gruppe 15Curslack-Neuengamme 1.
1%
Oberliga Hamburg Gruppe 11Dassendorf 1.
1%
Oberliga Hamburg Gruppe 14
Paloma 1.
1%
Oberliga Bayern Nord8DJK Ammerthal
1%
Oberliga Bayern Nord7DJK Gebenbach
1%
Oberliga Niederrhein16DJK Teutonia St.Tönis
1%
Oberliga Schleswig-Holstein Nord1Eckernförder SV
1%
Oberliga Bremen6ESC Geestemünde
1%
Oberliga Niederrhein10ETB SW Essen
1%
Oberliga Bayern Süd13FC 1920 Gundelfingen
1%
NOFV-Oberliga Süd13FC An der Fahner Höhe
1%
Oberliga Rheinland-Pfalz/Saar Gruppe Süd3FC Arminia 03 Ludwigshafen
1%
Oberliga Baden-Württemberg15FC-Astoria Walldorf II
1%
Oberliga Rheinland-Pfalz/Saar Gruppe Nord5FC „Blau-Weiß“ Karbach
1%
NOFV-Oberliga Süd8FC Carl Zeiss Jena II
1%
Oberliga Schleswig-Holstein Süd8FC Dornbreite Lübeck
1%
NOFV-Oberliga Süd10FC Einheit Rudolstadt
1%
Oberliga Bayern Nord4FC Eintracht Bamberg 1
1%
Oberliga Westfalen7FC Eintracht Rheine
1%
NOFV-Oberliga Süd14FC Grimma
1%
Oberliga Mittelrhein3FC Hennef
1%
NOFV-Oberliga Nord1FC Hertha 03 Zehlendorf
1%
Oberliga Rheinland-Pfalz/Saar Gruppe Süd2FC Hertha Wiesbach
1%
Oberliga Mittelrhein7FC Hürth
1%
NOFV-Oberliga Nord13FC Mecklenburg Schwerin
1%
Oberliga Mittelrhein10FC Pesch
1%
Regionalliga Südwest14FC Rot-Weiß Koblenz e.V.
1%
Oberliga Rheinland-Pfalz/Saar Gruppe Süd12FC Speyer 09
1%
Oberliga Bremen5FC Union 60
1%
Regionalliga Südwest18FK 03 Pirmasens
1%
Regionalliga West11Fortuna Düsseldorf U23
1%
Oberliga Mittelrhein15Fortuna Köln II
1%
Oberliga Baden-Württemberg8FSV 08 Bietigheim-Bissingen
1%
Regionalliga Nordost12FSV 63 Luckenwalde
1%
Oberliga Niederrhein15FSV Duisburg
1%
Oberliga Rheinland-Pfalz/Saar Gruppe Süd11FSV Jägersburg
1%
NOFV-Oberliga Süd18FSV Martinroda
1%
Oberliga Hessen Gruppe B10FV Bad Vilbel
1%
Oberliga Rheinland-Pfalz/Saar Gruppe Süd4FV Diefflen
1%
Oberliga Rheinland-Pfalz/Saar Gruppe Süd5FV Dudenhofen
1%
Oberliga Rheinland-Pfalz/Saar Gruppe Nord4FV Engers 07
1%
Oberliga Rheinland-Pfalz/Saar Gruppe Süd10FV Eppelborn
1%
Oberliga Bremen17Habenhauser FV
1%
Oberliga Hamburg Gruppe 18Hamm United 1.
1%
Oberliga Hamburg Gruppe 23HEBC 1.
1%
Oberliga Westfalen20Holzwickeder Sport Club
1%
Oberliga Schleswig-Holstein Nord4Inter Türkspor Kiel
1%
Oberliga Bremen8KSV Vatan Sport
1%
Oberliga Hamburg Gruppe 16Lohbrügge 1.
1%
NOFV-Oberliga Nord14Ludwigsfelder FC
1%
Oberliga Hamburg Gruppe 110Meiendorf 1.
1%
NOFV-Oberliga Nord15MSV 1919 Neuruppin
1%
NOFV-Oberliga Nord12MSV Pampow
1%
Oberliga Hamburg Gruppe 21Niendorf 1.
1%
Oberliga Schleswig-Holstein Süd6PSV Neumünster
1%
NOFV-Oberliga Nord10RSV Eintracht 1949
1%
Oberliga Hamburg Gruppe 28Rugenbergen 1.
1%
Oberliga Hessen Gruppe B6RW Walldorf
1%
Oberliga Hamburg Gruppe 12Sasel 1.
1%
Oberliga Bremen18SC Borgfeld
1%
Oberliga Niederrhein18SC Düsseldorf-West
1%
Oberliga Westfalen1SC Paderborn 07 II (U21)
1%
Oberliga Westfalen12SC Preußen Münster II
1%
Oberliga Niederrhein13SC Union Nettetal
1%
Oberliga Hessen Gruppe B8SC Vikt. Griesheim
1%
Oberliga Schleswig-Holstein Nord7SC Weiche Flensburg 08 II
1%
NOFV-Oberliga Nord17SFC Stern 1900
1%
Oberliga Niederrhein22SF Niederwenigern
1%
Oberliga Rheinland-Pfalz/Saar Gruppe Nord8SG 2000 Mülheim-Kärlich
1%
Oberliga Westfalen14SG Finnentrop/​Bamenohl
1%
NOFV-Oberliga Süd5SG Union Sandersdorf
1%
Oberliga Mittelrhein8Siegburger SV
1%
Oberliga Baden-Württemberg14Spfr Dorfmerkingen
1%
Oberliga Rheinland-Pfalz/Saar Gruppe Nord9Spfr Eisbachtal
1%
Oberliga Baden-Württemberg12Sport-Union Neckarsulm
1%
Oberliga Westfalen8Sportverein Schermbeck 2020
1%
NOFV-Oberliga Nord4Sp.Vg. Blau Weiß 1890 Berlin
1%
Oberliga Mittelrhein4Spvg Frechen 20
1%
Oberliga Bayern Süd1SpVgg Hankofen-Hailing
1%
Oberliga Niederrhein20Spvgg. Sterkrade-Nord
1%
Oberliga Westfalen13SpVgg Vreden
1%
Oberliga Niederrhein9Spvg Schonnebeck
1%
Oberliga Mittelrhein18Spvg Wesseling-Urfeld
1%
Oberliga Bayern Süd4SSV Jahn Regensburg II (U21)
1%
Oberliga Baden-Württemberg10SSV Reutlingen 1905 Fußball
1%
Oberliga Hamburg Gruppe 26Süderelbe 1.
1%
Oberliga Rheinland-Pfalz/Saar Gruppe Süd9SV 07 Elversberg II
1%
NOFV-Oberliga Süd17SV 09 Arnstadt
1%
Oberliga Rheinland-Pfalz/Saar Gruppe Nord2SV Alem. Waldalgesheim
1%
NOFV-Oberliga Süd12SV Blau-Weiß Zorbau
1%
Oberliga Mittelrhein16SV Breinig
1%
Oberliga Hessen Gruppe A10SV Buchonia Flieden
1%
Oberliga Mittelrhein17SV Deutz 05
1%
Oberliga Bayern Süd2SV Donaustauf
1%
Oberliga Mittelrhein14SV Eilendorf
1%
Oberliga Schleswig-Holstein Nord5SV Frisia 03 Risum-Lindholm
1%
Regionalliga Bayern14SV Heimstetten
1%
Oberliga Bremen7SV Hemelingen
1%
Oberliga Baden-Württemberg17SV Linx
1%
Oberliga Schleswig-Holstein Süd5SV Preußen 09 Reinfeld
1%
Oberliga Bayern Süd16SV Pullach
1%
Oberliga Rheinland-Pfalz/Saar Gruppe Süd8SV Röchl. Völklingen
1%
Oberliga Bayern Nord15SV Vatan Spor A'burg
1%
NOFV-Oberliga Nord18SV Victoria Seelow
1%
Oberliga Westfalen4SV Westfalia Rhynern
1%
Oberliga Hessen Gruppe B7SV Zeilsheim
1%
Regionalliga Nord Gruppe Nord3Teutonia 05 Ottensen
1%
Oberliga Schleswig-Holstein Nord2TSB Flensburg
1%
Regionalliga Südwest8TSG Balingen Fußball
1%
Oberliga Westfalen11TSG Sprockhövel
1%
Oberliga Bayern Süd17TSV 1865 Dachau
1%
Oberliga Bayern Süd12TSV 1874 Kottern
1%
Oberliga Bayern Süd18TSV 1880 Wasserburg
1%
Oberliga Bayern Nord9TSV Abtswind
1%
Oberliga Schleswig-Holstein Nord6TSV Altenholz
1%
Oberliga Schleswig-Holstein Nord3TSV Bordesholm
1%
Oberliga Rheinland-Pfalz/Saar Gruppe Nord12TSV Emmelshausen
1%
Oberliga Baden-Württemberg19TSV Ilshofen
1%
Oberliga Bayern Nord16TSV Karlburg
1%
Oberliga Schleswig-Holstein Nord8TSV Kronshagen
1%
Oberliga Niederrhein11TSV Meerbusch
1%
Oberliga Schleswig-Holstein Süd4TSV Pansdorf
1%
Regionalliga Bayern15TSV Rein/Lech
1%
Oberliga Bayern Süd19TSV Schwabmünchen
1%
Oberliga Bayern Süd14Türkspor Augsburg 1972 e.V.
1%
Oberliga Niederrhein12TuRU Düsseldorf
1%
Oberliga Hessen Gruppe B5TUS Dietkirchen
1%
Oberliga Rheinland-Pfalz/Saar Gruppe Süd6TuS Mechtersheim
1%
Oberliga Hamburg Gruppe 25TuS Osdorf 1.
1%
Oberliga Bremen9TUS Schwachhausen
1%
Oberliga Niederrhein17TV Jahn Dinslaken-Hiesfeld
1%
Oberliga Hamburg Gruppe 29Union Tornesch 1.
1%
Oberliga Niederrhein3VfB 03 Hilden
1%
NOFV-Oberliga Süd3VfB 1921 Krieschow
1%
Oberliga Bayern Süd15VfB Hallbergmoos
1%
Oberliga Mittelrhein11VfL Vichttal
1%
Oberliga Hamburg Gruppe 22Victoria 1.
1%
Oberliga Westfalen17Victoria Clarholz
1%
Regionalliga Nordost17FSV Union Fürstenwalte
0%
Regionalliga Bayern3SV Wcker Burghausen
0%
Oberliga Schleswig-Holstein Süd7VfB Lübeck II v
0%

Verteilung der Resultate

Perzentil nach korrekt beantworteten Fragen

Anzahl Personen mit jedem Resultat

Ihre Resultats-Entwicklung

Sie haben dieses Quiz noch nicht gespielt